01425nab a2200385 uc450000100070000000500170000700800410002403500110006503500210007604000130009704100080011010000410011824500460015965000230020565000260022865000340025465000350028865000330032370000440035670000440040070000390044470000410048370000350052470000380055970000460059770000530064370000380069670000390073470000380077370000420081170000360085377301210088994200100101099900190102072943020240828091441.0020405s2002 eng  a729430 a(OCoLC)819939483 ccomduadb aeng10aNoireau, Francoise4auteaut934423810aTrapping triatominae in silvatic habitats aTriatominos928925 aCaptura animal967281 aHábitat (Ecología)933659 7aEcología animal2lemb932955 aTrampas para insectos97125710aAbad Franch, Fernando4auteaut951805810aValente, Sebastiao As4auteaut935395310aDias Lima, Artur4auteaut935395410aLopes, Catarina M.4auteaut952506210aCunha, Vanda4auteaut935395510aValente, Vera C4auteaut952280610aPalomeque, Francisco S.4auteaut935395610aCarvalho Pinto, Carlos Jose de4auteaut952280710aSherlock, Italo4auteaut935395710aAguilar, Marcelo4auteaut928094110aSteindel, Mario4auteaut935395810aGrisard, Edmundo C.4auteaut934054510aJurberg, Jose4auteaut93428740 tMemorias do Instituto Oswaldo Cruz (Rio de Janeiro)gVol. 097, No. 01, Ene. 2002, p. 61-63w280998x0074-0276096126 cARIMP c233047d233047